Biosocial perspectives on children (Record no. 173)

MARC details
000 -BAŞLIK
Sabit Uzunlukta Kontrol Alanı 00930na a2200313 4500
001 - KONTROL NUMARASI
Denetim Alanı 13351
003 - KONTROL NUMARASI IDENTIFIER
Denetim Alanı MIRAKIL
005 - SON İŞLEM TARİHİ VE ZAMANI
Denetim Alanı 20181213154737.0
008 - SABİT-BOY VERİ ELEMANLARI - GENEL BİLGİLER
Sabit Uzunlukta Kontrol Alanı 161010b tu 000 0
020 ## - ULUSLARARASI STANDART KİTAP NUMARASI
Uluslararası Standart Kitap Numarası 0521575958
020 ## - ULUSLARARASI STANDART KİTAP NUMARASI
Uluslararası Standart Kitap Numarası 0521572975
035 ## - SİSTEM KONTROL NUMARASI
Sistem Kontrol Numarası 13351
040 ## - KATALOGLAMA KAYNAK
Orijinal Kataloglama Ajansı Milas
Kataloglama Dili tur
Metne Dönüştürmek Ajansı TR-AnCHP
041 ## - DİL KODU
Metin / Ses Parça Veya Ayrı Başlığın Dil Kodu eng
082 ## - DEWEY ONLU SINIFLANDIRMA NUMARASI
Sınıflandırma Numarası 362.768
Ürün Numarası B46b 1998
090 ## - SINIFLAMA NUMARASI
Sınıflama Numarası 362.768 B46b 1998
130 ## - ANA GİRİŞ - ÜNİFORM BAŞLIK
Üniforma Başlık Biosocial perspectives on children
245 ## - BAŞLIK TABLOSU
Başlık Biosocial perspectives on children
Sorumluluk Tablosu, Vb Edited Catherine Panter-Brick
260 ## - YAYIN, DAĞITIM, VB
Yayın, Dağıtım, Vb Yeri New York
Yayıncı, Dağıtıcı, Vs Adı Cambridge University Press
Yayın, Dağıtım, Vb Tarihi 1998
300 ## - FİZİKSEL TANIM
Kapsam 160 s.
Diğer Fiziksel Ayrıntıları res.; tbl.
Boyutlar 23 sm.
490 ## - SERİSİ TABLOSU
Seri Beyanı Biosocial Society symposium series
Hacim / Ardışık Tanımı 10
500 ## - GENEL NOT
Genel Not Sözlük var.
504 ## - KAYNAKÇA VB NOT
Kaynakça Vb Notu Kaynakça ve dizin var.
650 ## - KONU KATMA GİRİŞ - TOPİKAL DÖNEM
Topikal Süreli Veya Coğrafi Ad Giriş Elemanı Çocuk gelişimi
650 ## - KONU KATMA GİRİŞ - TOPİKAL DÖNEM
Topikal Süreli Veya Coğrafi Ad Giriş Elemanı Sosyal hizmetler
Genel Alt Bölümü Mağdur çocuklar
650 ## - KONU KATMA GİRİŞ - TOPİKAL DÖNEM
Topikal Süreli Veya Coğrafi Ad Giriş Elemanı Toplumsal sorunlar
Genel Alt Bölümü Çocuklar
700 ## - KATMA GİRİŞ - KİŞİSEL İSİM
Kişisel Ad Panter-Brick, Catherine
942 ## - EKLENDİ GİRİŞ ELEMANLARI (KOHA)
Sınıflandırma Veya Raf Düzeni Kaynak Dewey Decimal Classification
Koha Öğesi Türü Books
999 ## - SİSTEM KONTROL NUMARALARI (KOHA)
Koha Biblionumber 173
Koha Biblioitemnumber 173
Holdings
Kalıcı Konum Mevcut Konum Edinme Tarihi Edinim Kaynak Toplam Check-Out'Lar Tam Çağrı Numarası Barkod Tarih Son Görülme İtibaren Geçerli Fiyatlar Koha Öğesi Türü
CHP Kütüphanesi CHP Kütüphanesi 08/13/2016 Bağış   362.768 B46b 1998 001141 08/13/2016 08/13/2016 Books